Представление документа в формате RUSMARC

ПолеНазваниеЗначение
  Тип записи a
  Библиографический уровень m
001 Контрольный номер RU/CBS_UL/BASE/45984210fd4340609bd04b95b1825c2c
005 Дата корректировки 20251023081624.6
010 Индекс ISBN __
b Уточнения в пер.
d Цена 53 р. 00 к.
9 Тираж экз.
a ISBN
100 Данные общей обработки __
a Данные общей обработки 20131228d2013 ||| 0rusy0189 ca
101 Язык документа 0_
a Язык текста rus
102 Страна публикации __
a Страна публикации RU
200 Заглавие и сведения об ответственности 1_
a Заглавие Путешествие из Петербурга в Москву
f Первые сведения об ответственности А. Н. Радищев
210 Выходные данные 1_
a Место издания Москва
c Издательство Астрель
c Издательство АСТ
d Дата издания 2004
215 Физическое описание __
a Объем 238 с.
d Формат см.
225 Серия 0_
a Серия Хрестоматия школьника
300 Общие примечания __
a Общие примечания 12+
300 Общие примечания __
a Общие примечания Под инв. номером 100874: 3-1, 5-1, 29-2, 31-1
606 Тематические рубрики 0_
a Основная рубрика Русская литература, 18 в. - Проза
610 Ключевые слова 0_
a Ключевые слова классика русская; пороки общества; судьба России; сатира; путешествия; заметки путевые; произведения школьной программы
a Ключевые слова с
686 Индексы других классификаций __
a Классификационный индекс 84(2Рос=Рус)1
2 Код системы ББК
700 Автор _0
a Фамилия Радищев
b Имя (инициалы) А. Н.
g Полное личное имя Александр Николаевич
801 Источник записи _0
a Страна RU
b Организация МБУК ЦБС г. Ульяновска
c Дата составления 20131228
g Правила каталогизации RCR
801 Источник записи _1
a Страна RU
b Организация МБУК ЦБС г. Ульяновска
c Дата составления 20131228
g Правила каталогизации RCR
852 Данные о местонахождении __
i Авторский знак Р 15
j Шифр хранения Р1
901 Тип документа __
t Тип документа m